The blind wish #2 / Amber Lough.
Available copies
- 1 of 1 copy available at LARL/NWRL Consortium.
- 1 of 1 copy available at Northwest Regional Library. (Show preferred library)
Current holds
0 current holds with 1 total copy.
Show All Copies
| Location | Call Number / Copy Notes | Barcode | Shelving Location | Status | Due Date |
|---|---|---|---|---|---|
| Thief River Falls Public Library | ya LOU (Text) | 35500005668593 | Main | Available | - |
Record details
- ISBN: 9780385369800 (hardcover : alk. paper)
- ISBN: 0385369808 (hardcover : alk. paper)
- ISBN: 9780385369817 (hardcover library binding : alk. paper)
- ISBN: 0385369816 (hardcover library binding : alk. paper)
- Physical Description: 308 pages ; 22 cm.
- Edition: First edition.
- Publisher: New York : Random House, [2015]
Content descriptions
| Summary, etc.: | "Zayele and Najwa's adventure continues as the war ... Read More |
Search for related items by subject
| Subject: | Jinn > Juvenile fiction. Princesses > Juvenile fiction. Wishes > Juvenile fiction. Courts and courtiers > Juvenile fiction. Baghdad (Iraq) > Juvenile fiction. Iraq > Juvenile fiction. |
| Genre: | Young adult fiction. |
Search for related items by series
| LDR | 01574cam a22004338i 4500 | ||
|---|---|---|---|
| 001 | 186323 | ||
| 003 | LARL_NWRL_CONSORTIUM | ||
| 005 | 20150717070125.0 | ||
| 008 | 140311s2015 nyu d 000 1 eng | ||
| 020 | . | ‡a9780385369800 (hardcover : alk. paper) | |
| 020 | . | ‡a0385369808 (hardcover : alk. paper) | |
| 020 | . | ‡a9780385369817 (hardcover library binding : alk. paper) | |
| 020 | . | ‡a0385369816 (hardcover library binding : alk. paper) | |
| 035 | . | ‡a(OCoLC)872561779 | |
| 042 | . | ‡apcc ‡alcac | |
| 049 | . | ‡aNRG | |
| 082 | 0 | 0. | ‡a[Fic] ‡223 |
| 099 | . | ‡aFIC | |
| 100 | 1 | . | ‡aLough, Amber. |
| 245 | 1 | 4. | ‡aThe blind wish ‡n#2 / ‡cAmber Lough. |
| 250 | . | ‡aFirst edition. | |
| 264 | 1. | ‡aNew York : ‡bRandom House, ‡c[2015] | |
| 300 | . | ‡a308 pages ; ‡c22 cm. | |
| 336 | . | ‡atext ‡2rdacontent. | |
| 337 | . | ‡aunmediated ‡2rdamedia. | |
| 338 | . | ‡avolume ‡2rdacarrier. | |
| 490 | 0 | . | ‡aJinni wars ; ‡v2 |
| 520 | . | ‡a"Zayele and Najwa's adventure continues as the war between jinnis and humans escalates"-- ‡cProvided by publisher. | |
| 650 | 0. | ‡aJinn ‡vJuvenile fiction. | |
| 650 | 0. | ‡aPrincesses ‡vJuvenile fiction. ‡0(LARL_NWRL_CONSORTIUM)166862 | |
| 650 | 0. | ‡aWishes ‡vJuvenile fiction. | |
| 650 | 0. | ‡aCourts and courtiers ‡vJuvenile fiction. | |
| 651 | 0. | ‡aBaghdad (Iraq) ‡vJuvenile fiction. | |
| 651 | 0. | ‡aIraq ‡vJuvenile fiction. | |
| 655 | 0. | ‡aYoung adult fiction. | |
| 901 | . | ‡a186323 ‡bISxN ‡c186323 ‡tbiblio | |

Add to basket
Permalink
Disable Highlighting